|
|
|
|
| LEADER |
00000nam a22000007a 4500 |
| 005 |
20170927220522.0 |
| 007 |
cr|||| |||| |
| 008 |
170927s2016 mx |||||s||||f00||0 spa d |
| 020 |
|
|
|a 978-607-8389-08-7
|
| 035 |
|
|
|a 20623
|
| 040 |
|
|
|a vLex
|
| 090 |
|
|
|c 7021
|d 7021
|
| 100 |
1 |
|
|a Alonso Aguerrebere, Jos ̌Mara̕
|
| 245 |
1 |
0 |
|a Don Leopoldo Hurtado Espinosa Diputado Maderista
|h [Recurso electrn̤ico] /
|c Jos ̌Mara̕ Alonso Aguerrebere, Claudia Martn̕ez-Parente Ricaud
|
| 256 |
|
|
|a Servicio en ln̕ea
|
| 260 |
|
|
|a Ciudad de Mx̌ico:
|b Cm̀ara de Diputados,
|c 2016
|
| 300 |
|
|
|a 1 recurso electrn̤ico
|
| 506 |
1 |
|
|a Disponible solo en los productos indicados
|d vLex Global
|d vLex Global (Academic Edition, excluding Law Schools)
|d vLex Global (U.S. Academic Edition, Law Schools)
|d vLex Global (U.S. Academic Edition, excluding Law Schools)
|d vLex Global (Academic Edition, Law Schools)
|
| 650 |
0 |
4 |
|a Derecho Civil
|z Mx̌ico
|
| 650 |
0 |
4 |
|a Derecho Constitucional
|z Mx̌ico
|
| 700 |
1 |
|
|a Martn̕ez-Parente Ricaud, Claudia
|
| 740 |
0 |
|
|a vLex Libros (Servicio en ln̕ea)
|
| 856 |
4 |
0 |
|u http://vlex.com/source/don-leopoldo-hurtado-espinosa-diputado-maderista-20623
|z Acceso restringido
|
| 942 |
|
|
|c BOOK
|
| 999 |
0 |
|
|a Civil Law
|
| 999 |
0 |
|
|a Constitutional Law
|